Bodily Fluids from the Human Body - Statistics

General Stats
  • This quiz has been taken 387 times
    348 since last reset
  • The average score is 7 of 13
Answer Stats
Answer % Correct
Blood
97%
Urine
88%
Saliva
81%
Semen
79%
Sweat
69%
Mucus
66%
Tears
64%
Feces
51%
Pus
40%
Vomit
35%
Breast Milk
26%
Vaginal Discharge
24%
Flem
8%
No matching quizzes found
Score Distribution
Percent of People with Each Score
Percentile by Number Answered
Your Score History
You have not taken this quiz since the last reset